书目信息 |
| 题名: |
汉英化学化工词汇
|
|
| 作者: | ;科学出版社名词室 编 | |
| 分册: | ||
| 出版信息: | 北京 科学出版社 2002.10 |
|
| 页数: | 1752页 | |
| 开本: | 22cm | |
| 丛书名: | ||
| 单 册: | ||
| 中图分类: | TQ-61 | |
| 科图分类: | ||
| 主题词: | 化学工业--词汇--汉、英 , 词汇 | |
| 电子资源: | ||
| ISBN: | 7-03-010581-8 | |
| 000 | 00901nam0 2200229 45 | |
| 005 | 20050104103707.71 | |
| 010 | @a7-03-010581-8@b精装@dCNY 98.00 | |
| 100 | @a20030409d2002 ekmy0chiy0121 ea | |
| 101 | 0 | @achi@aeng |
| 102 | @aCN@b110000 | |
| 105 | @ay e 000yy | |
| 200 | 1 | @a汉英化学化工词汇@Ahan ying hua xue hua gong ci hui@dChinese-English dictionary of chemistry and chemical engineering@f科学出版社名词室编@zeng |
| 210 | @a北京@c科学出版社@d2002.10 | |
| 215 | @a1752页@d22cm | |
| 330 | @a本书在《英汉化学化工词汇》(第四版)的基础上经审订而成, 收集了化学化工专业词汇及其密切相关的词汇近17万条。 | |
| 510 | 1 | @aChinese-English dictionary of chemistry and chemical engineering@zeng |
| 606 | 0 | @a化学工业@x词汇@x汉、英 |
| 606 | 0 | @a词汇 |
| 690 | @aTQ-61@v4 | |
| 711 | 02 | @a科学出版社名词室@Ake xue chu ban she ming ci shi@4编 |
| 801 | 0 | @aCN@bQSSKxft@c20050104 |
| 905 | @a10447@dTQ-61@eK549 | |
| 汉英化学化工词汇=Chinese-English dictionary of chemistry and chemical engineering/科学出版社名词室编.-北京:科学出版社,2002.10 |
| 1752页;22cm |
| ISBN 7-03-010581-8(精装):CNY 98.00 |
| 本书在《英汉化学化工词汇》(第四版)的基础上经审订而成, 收集了化学化工专业词汇及其密切相关的词汇近17万条。 |
| ● |
| 相关链接 |
|
|
|
正题名:汉英化学化工词汇
索取号:TQ-61/K549
 
预约/预借
| 序号 | 登录号 | 条形码 | 馆藏地/架位号 | 状态 | 备注 |
| 1 | 434145 | 204341453 | 期刊室512/501自科库 136排9列6层/ [索取号:TQ-61/K549] | 在馆 | |
| 2 | 434146 | 204341462 | 自科库501/501自科库 136排9列6层/ [索取号:TQ-61/K549] | 在馆 |